[Event "24th ch-EUR Indiv 2024"]
[Site "Petrovac MNE"]
[Date "2024.11.11"]
[Round "4.4"]
[White "Erdogmus, Yagiz Kaan"]
[Black "Cheparinov, Ivan"]
[Result "1/2-1/2"]
[WhiteTitle "GM"]
[BlackTitle "GM"]
[WhiteElo "2604"]
[BlackElo "2632"]
[WhiteFideId "44599790"]
[BlackFideId "2905540"]
[EventDate "2024.11.08"]

1. d4 d5 2. c4 e6 3. Nc3 Nf6 4. cxd5 exd5 5. Bg5 c6 6. e3 h6 7. Bh4 Be7 8. Bd3
O-O 9. Bg3 c5 10. Nge2 Nc6 11. dxc5 Bxc5 12. O-O Bg4 13. Rc1 Bb6 14. h3 Bxe2 15.
Nxe2 Qe7 16. Qb3 Rad8 17. Rfd1 d4 18. exd4 Nxd4 19. Nxd4 Rxd4 20. Bb1 Rxd1+ 21.
Rxd1 Rd8 22. Rxd8+ Qxd8 23. Bg6 Qe7 24. Qc4 1/2-1/2

[Event "24th ch-EUR Indiv 2024"]
[Site "Petrovac MNE"]
[Date "2024.11.11"]
[Round "4.5"]
[White "Sokolovsky, Yahli"]
[Black "Hovhannisyan, Robert"]
[Result "1/2-1/2"]
[WhiteTitle "GM"]
[BlackTitle "GM"]
[WhiteElo "2516"]
[BlackElo "2613"]
[WhiteFideId "2820242"]
[BlackFideId "13302507"]
[EventDate "2024.11.08"]

1. e4 e5 2. Nf3 Nc6 3. Bb5 Nf6 4. O-O Nxe4 5. Re1 Nd6 6. Nxe5 Be7 7. Bf1 Nxe5 8.
Rxe5 O-O 9. Nc3 Ne8 10. Nd5 Bd6 11. Re1 c6 12. Ne3 Be7 13. c4 Nc7 14. d4 d5 15.
cxd5 Bb4 16. Bd2 Bxd2 17. Qxd2 Nxd5 18. Nxd5 Qxd5 19. Re5 Qd6 20. Bc4 Bd7 21.
Rae1 Rae8 22. Qe3 Rxe5 23. dxe5 Qb4 24. e6 Bxe6 25. Bxe6 fxe6 26. Qxe6+ Kh8 27.
Qe7 a5 28. Re4 Qxe7 29. Rxe7 b5 30. Kf1 Kg8 31. b3 a4 32. bxa4 bxa4 33. Re4 Rb8
34. Rxa4 Rb2 35. g3 c5 36. Kg2 c4 37. Kf3 c3 38. Ke3 c2 39. Kd2 c1=Q+ 40. Kxc1
Rxf2 41. h4 h5 42. Ra5 Rg2 43. a4 Rxg3 44. Rxh5 Rg4 45. a5 g6 46. Rb5 Rxh4 47.
Kb2 Ra4 48. Kb3 Ra1 49. Kb4 Kf7 50. Kc5 g5 51. Kb6 g4 52. a6 g3 53. Rf5+ 1/2-1/2

[Event "24th ch-EUR Indiv 2024"]
[Site "Petrovac MNE"]
[Date "2024.11.11"]
[Round "4.6"]
[White "Fedoseev, Vladimir3"]
[Black "Kadric, Denis"]
[Result "1-0"]
[WhiteTitle "GM"]
[BlackTitle "GM"]
[WhiteElo "2712"]
[BlackElo "2562"]
[WhiteFideId "24130737"]
[BlackFideId "14403803"]
[EventDate "2024.11.08"]

1. d4 d5 2. c3 e6 3. Bf4 Bd6 4. e3 Bxf4 5. exf4 Qd6 6. Qg4 g6 7. Bd3 Ne7 8. Qf3
b6 9. Na3 c6 10. h4 h5 11. g3 Ba6 12. Bxa6 Nxa6 13. Qe2 Nc7 14. Nf3 f6 15. Nc2
Kf7 16. O-O a5 17. a4 Rhb8 18. Rfd1 Nf5 19. Ne3 Rb7 20. c4 Na6 21. Rac1 Qd7 22.
Rc3 Nb4 23. b3 Re8 24. Nc2 Nxc2 25. Qxc2 Nd6 26. Kg2 Re7 27. c5 Ne4 28. Re3 bxc5
29. dxc5 Rb4 30. Ne1 f5 31. Nd3 Qb7 32. Qb2 Nf6 33. Nxb4 Qxb4 34. Qd4 Rb7 35.
Qe5 Re7 36. f3 Qxc5 37. Rc3 Qa3 38. Qd4 Nd7 39. Rxc6 Qxb3 40. Rdc1 1-0

[Event "24th ch-EUR Indiv 2024"]
[Site "Petrovac MNE"]
[Date "2024.11.11"]
[Round "4.7"]
[White "Livaic, Leon"]
[Black "Saric, Ivan"]
[Result "1/2-1/2"]
[WhiteTitle "GM"]
[BlackTitle "GM"]
[WhiteElo "2557"]
[BlackElo "2668"]
[WhiteFideId "14531534"]
[BlackFideId "14508150"]
[EventDate "2024.11.08"]

1. c4 g6 2. Nf3 Bg7 3. g3 Nf6 4. Bg2 O-O 5. O-O c6 6. d4 d5 7. cxd5 cxd5 8. Nc3
e6 9. b3 Nc6 10. Bb2 Bd7 11. e3 Qa5 12. Qd2 Rfc8 13. Rfc1 Be8 14. Ne1 Ne7 15.
Nd3 Nf5 16. Ne4 Qxd2 17. Nxd2 Bh6 18. Nf4 g5 19. Nd3 g4 20. Nf1 Bb5 21. Ne5 Bg5
22. Rc5 Rxc5 23. dxc5 Rc8 24. b4 a5 25. a3 h5 26. h3 Ra8 27. hxg4 Nxg4 28. Nxg4
hxg4 29. Nh2 axb4 30. axb4 Rxa1+ 31. Bxa1 Nxe3 32. fxe3 Bxe3+ 33. Kh1 f5 34. Nf1
Bf2 35. Be5 Be1 36. Ne3 Bxb4 37. Nxd5 exd5 38. Bxd5+ Kh7 39. Bxb7 Bxc5 40. Bd5
Bd3 41. Bf7 Be4+ 42. Kh2 Be3 43. Be8 Kg8 44. Bh5 Bc5 45. Bf6 Kf8 46. Bg5 Bc6 47.
Bg6 Bd7 48. Kg2 Kg7 49. Bh5 Bc6+ 50. Kh2 Bf2 51. Bh4 Be3 52. Bd8 Kh6 53. Bf7 f4
54. Be6 f3 55. Bxg4 f2 56. Be2 Bf3 57. Bb5 Bg4 58. Kg2 Kg6 59. Bd3+ Kf7 60. Bc4+
Ke8 61. Bg5 Ba7 62. Bb5+ Kf7 63. Bc4+ Kg6 64. Bf4 Kf6 65. Bd3 Bc5 66. Bc4 Bd4
67. Bd3 Bf5 68. Bxf5 Kxf5 69. Kf1 1/2-1/2

[Event "24th ch-EUR Indiv 2024"]
[Site "Petrovac MNE"]
[Date "2024.11.11"]
[Round "4.8"]
[White "Vitiugov, Nikita"]
[Black "Gavrilescu, David"]
[Result "1/2-1/2"]
[WhiteTitle "GM"]
[BlackTitle "GM"]
[WhiteElo "2668"]
[BlackElo "2545"]
[WhiteFideId "4152956"]
[BlackFideId "1227190"]
[EventDate "2024.11.08"]

1. d4 d5 2. c4 e6 3. Nf3 Nf6 4. g3 Bb4+ 5. Bd2 a5 6. Bg2 O-O 7. Qc2 Be7 8. O-O
c6 9. Rd1 Nbd7 10. Bf4 a4 11. a3 Ne4 12. Nc3 Nxc3 13. Qxc3 g5 14. Be3 f5 15. Qc1
h6 16. Bd2 Rf7 17. Bb4 Bf6 18. Qc2 Nb6 19. Ne5 Rg7 20. b3 Bd7 21. c5 axb3 22.
Qxb3 Nc8 23. Bc3 Be8 24. a4 h5 25. Rdb1 h4 26. Rb2 hxg3 27. hxg3 Qe7 28. Qa3 Qf8
29. Bd2 Bh5 30. Kf1 Ra7 31. Qe3 Qe8 32. a5 Ne7 33. Ra3 Ng6 34. Nxg6 Bxg6 35. f4
gxf4 36. gxf4 Bh5 1/2-1/2

[Event "24th ch-EUR Indiv 2024"]
[Site "Petrovac MNE"]
[Date "2024.11.11"]
[Round "4.9"]
[White "Bjerre, Jonas Buhl"]
[Black "Nasuta, Grzegorz"]
[Result "1/2-1/2"]
[WhiteTitle "GM"]
[BlackTitle "GM"]
[WhiteElo "2654"]
[BlackElo "2543"]
[WhiteFideId "1444948"]
[BlackFideId "1141686"]
[EventDate "2024.11.08"]

1. e4 e5 2. Nf3 Nc6 3. Bb5 a6 4. Ba4 Nf6 5. d3 Bc5 6. c3 b5 7. Bb3 d6 8. Bg5 h6
9. Bh4 g5 10. Bg3 Bb6 11. a4 Rb8 12. axb5 axb5 13. Na3 Na5 14. Ba2 b4 15. cxb4
Nc6 16. Nc2 Bg4 17. h4 Nh5 18. hxg5 hxg5 19. Bd5 Nd4 20. Ncxd4 Bxd4 21. Qb3 Bc5
22. Bxf7+ Ke7 23. Bxh5 Bxb4+ 24. Kf1 Bxh5 25. Nxg5 Qg8 26. Qc2 Bc5 27. b4 Bb6
28. Bh4 Kd7 29. Rc1 Be8 30. Qa4+ Kc8 31. Qa6+ Rb7 32. Nf3 Kb8 33. Qc4 Bf7 34.
Qc3 Qg4 35. Rh3 Be6 36. Ra1 Bd7 37. Kg1 Qh5 38. Rh2 Qg6 39. Qd2 Rg8 40. Kh1 Bg4
41. Bg3 Qf7 42. Ng1 Qb3 43. Ne2 Bxe2 44. Qxe2 Ra7 45. Rf1 Ra2 46. Qd1 Qxb4 47.
Qf3 Qb3 1/2-1/2

[Event "24th ch-EUR Indiv 2024"]
[Site "Petrovac MNE"]
[Date "2024.11.11"]
[Round "4.10"]
[White "Paichadze, Luka"]
[Black "Mamedov, Rauf"]
[Result "0-1"]
[WhiteTitle "GM"]
[BlackTitle "GM"]
[WhiteElo "2546"]
[BlackElo "2651"]
[WhiteFideId "13602934"]
[BlackFideId "13401653"]
[EventDate "2024.11.08"]

1. e4 c5 2. c3 Nf6 3. e5 Nd5 4. Bc4 Nb6 5. Bb3 c4 6. Bc2 d6 7. exd6 Qxd6 8. d4
cxd3 9. Qxd3 Qxd3 10. Bxd3 Nc6 11. Nf3 g6 12. a4 a5 13. Na3 Bg4 14. Be4 Bg7 15.
Be3 Nxa4 16. Nb5 Nxb2 17. Rb1 Bxf3 18. gxf3 f5 19. Bd5 f4 20. Nc7+ Kd7 21. Nxa8
fxe3 22. Ke2 Rxa8 23. Rxb2 Kc7 24. Rhb1 Ra7 25. Kd3 exf2 26. Rxf2 a4 27. Rb5
Ne5+ 28. Kc2 a3 29. Rf1 Nd7 30. Ra1 Be5 31. h4 b6 32. Bg8 h6 33. Bf7 g5 34. hxg5
hxg5 35. Rd5 Bf6 36. Ra2 Nc5 37. Rd1 Ra4 38. Bb3 Ra8 39. Bc4 Ra5 40. Rda1 Ra4
41. Be2 Rh4 42. Rxa3 Rh2 43. Re1 g4 44. fxg4 Bh4 45. Ra7+ Kd6 46. Raa1 Ke5 47.
Rad1 Kf4 48. Rf1+ Ke3 49. Rd2 Rxe2 50. Rxe2+ Kxe2 51. Rf5 Ne4 52. Rb5 Kf3 53.
Rxb6 Kxg4 54. Kd3 Kf3 55. Rb5 Bg3 56. c4 e5 57. c5 Nf2+ 58. Kc4 e4 59. Rb3+ e3
60. Kd4 Ng4 61. c6 Kf2 62. Kd5 e2 63. Rxg3 Nf6+ 0-1

[Event "24th ch-EUR Indiv 2024"]
[Site "Petrovac MNE"]
[Date "2024.11.11"]
[Round "4.11"]
[White "Asadli, Vugar"]
[Black "Sjugirov, Sanan"]
[Result "1/2-1/2"]
[WhiteTitle "GM"]
[BlackTitle "GM"]
[WhiteElo "2554"]
[BlackElo "2649"]
[WhiteFideId "13405764"]
[BlackFideId "4189302"]
[EventDate "2024.11.08"]

1. e4 c5 2. c3 Nf6 3. e5 Nd5 4. Bc4 Nb6 5. Bb3 d5 6. exd6 Qxd6 7. Na3 a6 8. Ne2
Bg4 9. f3 Bf5 10. d4 e6 11. Bf4 Qd8 12. O-O Be7 13. Qe1 O-O 14. Rd1 N8d7 15. Kh1
Bg6 16. Bg3 Re8 17. Nf4 cxd4 18. cxd4 Nf6 19. Nc2 Nbd5 20. Ne3 Rc8 1/2-1/2

[Event "24th ch-EUR Indiv 2024"]
[Site "Petrovac MNE"]
[Date "2024.11.11"]
[Round "4.12"]
[White "Grandelius, Nils"]
[Black "Blohberger, Felix"]
[Result "0-1"]
[WhiteTitle "GM"]
[BlackTitle "GM"]
[WhiteElo "2645"]
[BlackElo "2536"]
[WhiteFideId "1710400"]
[BlackFideId "1632051"]
[EventDate "2024.11.08"]

1. d4 d5 2. c4 e6 3. Nc3 Nf6 4. Bg5 Be7 5. e3 O-O 6. Nf3 Nbd7 7. Qb3 c6 8. Be2
h6 9. Bf4 dxc4 10. Qxc4 Nd5 11. Bg3 Qb6 12. Qb3 Qxb3 13. axb3 Nb4 14. O-O b6 15.
Nd2 Bb7 16. Bf3 Nf6 17. Nc4 Nfd5 18. Rfc1 Rfd8 19. Ne4 Ba6 20. h4 f5 21. Nc3 Bb7
22. Ne5 g5 23. hxg5 hxg5 24. Bh2 c5 25. dxc5 Bxc5 26. Na4 Bd6 27. e4 Bxe5 28.
Bxe5 Nd3 29. exd5 Nxe5 30. Nc3 g4 31. Bd1 Bxd5 32. Nb5 a5 33. Nc7 Rac8 34. Rc3
Kf7 35. Nxd5 exd5 36. Rac1 Rxc3 37. Rxc3 d4 38. Rc7+ Rd7 39. Rc8 Rd6 40. Kf1 Nd3
41. Bc2 Nxb2 42. Bxf5 d3 43. Bxg4 d2 44. Rc2 d1=Q+ 45. Bxd1 Nxd1 46. Ke2 b5 47.
Rc1 Nb2 48. Rc5 Rb6 49. Kd2 a4 50. bxa4 Nxa4 51. Rc7+ Ke6 52. g4 Kd5 53. g5 Nc5
54. f4 b4 55. Kc2 b3+ 56. Kb1 Re6 57. f5 Re1+ 58. Kb2 Re2+ 59. Kb1 Nd3 0-1

[Event "24th ch-EUR Indiv 2024"]
[Site "Petrovac MNE"]
[Date "2024.11.11"]
[Round "4.13"]
[White "Ivanisevic, Ivan"]
[Black "Kollars, Dmitrij"]
[Result "1/2-1/2"]
[WhiteTitle "GM"]
[BlackTitle "GM"]
[WhiteElo "2544"]
[BlackElo "2641"]
[WhiteFideId "912417"]
[BlackFideId "12909572"]
[EventDate "2024.11.08"]

1. c4 e5 2. e3 Nf6 3. Nc3 Bb4 4. Nge2 O-O 5. Ng3 Re8 6. Be2 c6 7. a3 Bxc3 8.
bxc3 d5 9. cxd5 cxd5 10. O-O b6 11. a4 Ba6 12. Bb5 Bxb5 13. axb5 Qc8 14. f4 e4
15. Ba3 a6 16. bxa6 Rxa6 17. Qe2 Nc6 18. Bb2 Rxa1 19. Rxa1 Na5 20. c4 Qxc4 21.
Bxf6 Qxe2 22. Nxe2 gxf6 23. Nd4 Nc4 24. Ra2 Rb8 25. Nb5 Rc8 26. Kf2 h5 27. Nd4
Kg7 28. Ra7 Nxd2 29. Nf5+ Kf8 30. Rd7 Ke8 31. Rxd5 Rc2 32. Ke1 Nb3 33. Nd6+ Ke7
34. Nxe4 h4 35. h3 Nc5 36. Nd2 Rc1+ 37. Ke2 b5 38. Rd4 Rc2 39. Rb4 Ra2 40. f5
Kd6 41. Kd1 Ra1+ 42. Ke2 Ra2 43. Kd1 Ra1+ 44. Ke2 Ra2 1/2-1/2

[Event "24th ch-EUR Indiv 2024"]
[Site "Petrovac MNE"]
[Date "2024.11.11"]
[Round "4.14"]
[White "Korobov, Anton"]
[Black "Stefansson, Vignir Vatnar"]
[Result "1/2-1/2"]
[WhiteTitle "GM"]
[BlackTitle "GM"]
[WhiteElo "2636"]
[BlackElo "2530"]
[WhiteFideId "14105730"]
[BlackFideId "2308649"]
[EventDate "2024.11.08"]

1. d4 d5 2. c4 e6 3. Nf3 Nf6 4. Nc3 Be7 5. Bf4 O-O 6. e3 b6 7. cxd5 Nxd5 8. Nxd5
exd5 9. Bd3 c5 10. O-O c4 11. Be2 Nc6 12. b3 b5 13. Ne5 Nxe5 14. Bxe5 Bf5 15.
bxc4 bxc4 16. Bg4 Bd3 17. Be2 Bf5 18. Bg4 Bd3 1/2-1/2

[Event "24th ch-EUR Indiv 2024"]
[Site "Petrovac MNE"]
[Date "2024.11.11"]
[Round "4.15"]
[White "Gurel, Ediz"]
[Black "Grigoriants, Sergey"]
[Result "1-0"]
[WhiteTitle "GM"]
[BlackTitle "GM"]
[WhiteElo "2635"]
[BlackElo "2531"]
[WhiteFideId "44507356"]
[BlackFideId "4130804"]
[EventDate "2024.11.08"]

1. e4 e5 2. Nf3 Nc6 3. Bb5 a6 4. Ba4 Nf6 5. O-O b5 6. Bb3 Bc5 7. a4 Rb8 8. c3 d6
9. d4 Bb6 10. a5 Ba7 11. h3 O-O 12. Be3 exd4 13. cxd4 Nb4 14. Nc3 Bb7 15. Bg5 h6
16. Bh4 c5 17. Re1 Re8 18. Qd2 c4 19. Bc2 Nxc2 20. Qxc2 b4 21. Nd5 g5 22. Nxf6+
Qxf6 23. Bg3 Rbc8 24. Rad1 b3 25. Qb1 d5 26. exd5 Rxe1+ 27. Rxe1 Bxd5 28. Ne5
Be6 29. d5 Bf5 30. Qd1 c3 31. Qxb3 c2 32. Nc6 Rxc6 33. dxc6 Qxc6 34. Rc1 Be4 35.
Kh2 h5 36. Be5 1-0

[Event "24th ch-EUR Indiv 2024"]
[Site "Petrovac MNE"]
[Date "2024.11.11"]
[Round "4.16"]
[White "Suleymanli, Aydin"]
[Black "Samunenkov, Ihor"]
[Result "0-1"]
[WhiteTitle "GM"]
[BlackTitle "GM"]
[WhiteElo "2632"]
[BlackElo "2523"]
[WhiteFideId "13413937"]
[BlackFideId "14187086"]
[EventDate "2024.11.08"]

1. e4 e5 2. Nf3 Nf6 3. d4 Nxe4 4. Bd3 d5 5. Nxe5 Nd7 6. Nc3 Nxc3 7. bxc3 Bd6 8.
O-O O-O 9. Re1 c5 10. Nxd7 Qxd7 11. dxc5 Bxc5 12. Qh5 h6 13. Qf3 b6 14. c4 Bd4
15. Rb1 Bb7 16. Bf5 Qc6 17. cxd5 Qxd5 18. Qxd5 Bxd5 19. Bb2 Bxb2 20. Rxb2 Rfe8
21. Rxe8+ Rxe8 22. Kf1 Re5 23. Bd3 Be6 24. Rb4 Bxa2 25. c4 Kf8 26. f4 Re3 27.
Be2 Ra3 28. Ke1 Ke7 29. Kd2 Bb3 30. Kc3 Bd1+ 31. Kb2 Ra4 32. Rxa4 Bxa4 33. Kc3
Kd6 34. Kd4 a5 35. g3 Bd7 0-1

[Event "24th ch-EUR Indiv 2024"]
[Site "Petrovac MNE"]
[Date "2024.11.11"]
[Round "4.17"]
[White "Ahmadzada, Ahmad"]
[Black "Yuffa, Daniil"]
[Result "1/2-1/2"]
[WhiteTitle "GM"]
[BlackTitle "GM"]
[WhiteElo "2542"]
[BlackElo "2631"]
[WhiteFideId "13413007"]
[BlackFideId "24131423"]
[EventDate "2024.11.08"]

1. e4 c5 2. c3 Nf6 3. e5 Nd5 4. d4 cxd4 5. Nf3 Nc6 6. cxd4 d6 7. Bc4 Nb6 8. Bb5
d5 9. Bxc6+ bxc6 10. Qc2 Bg4 11. Qxc6+ Qd7 12. Qxd7+ Kxd7 13. b3 Rc8 14. Ba3
Bxf3 15. gxf3 f6 16. f4 Ke6 17. Nd2 Kf5 18. Ke2 e6 19. Bxf8 Rhxf8 20. Rhg1 g5
21. fxg5 fxe5 22. dxe5 Nd7 23. Nf3 Rc2+ 24. Kd3 Rfc8 25. Nd4+ Kf4 26. Ne2+ Kf3
27. Nd4+ Kf4 28. Nxc2 Nxe5+ 29. Kd2 Nf3+ 30. Kd3 Ne5+ 31. Kd2 Nf3+ 32. Kd3 1/2-1/2

[Event "24th ch-EUR Indiv 2024"]
[Site "Petrovac MNE"]
[Date "2024.11.11"]
[Round "4.18"]
[White "Kovalev, Vladislav"]
[Black "Svane, Rasmus"]
[Result "0-1"]
[WhiteTitle "GM"]
[BlackTitle "GM"]
[WhiteElo "2539"]
[BlackElo "2628"]
[WhiteFideId "13504398"]
[BlackFideId "4657101"]
[EventDate "2024.11.08"]

1. e4 e5 2. Bc4 Nf6 3. Nc3 Bc5 4. d3 c6 5. Nf3 d6 6. O-O O-O 7. Be3 Bxe3 8. fxe3
b5 9. Bb3 a5 10. a3 Nbd7 11. Qd2 Rb8 12. Ne2 Nc5 13. Ng3 b4 14. axb4 Rxb4 15. d4
exd4 16. exd4 Ncxe4 17. Nxe4 Nxe4 18. Qe3 d5 19. Ba4 Qd6 20. b3 f6 21. c4 Be6
22. Ne1 Rbb8 23. Nd3 Bf7 24. cxd5 cxd5 25. Nc5 Rb4 26. Rac1 Rd8 27. Rfd1 h6 28.
Rc2 Be8 29. Nxe4 dxe4 30. Bxe8 Rxe8 31. d5 Rb6 32. Rc4 f5 33. Qc3 Re7 34. Qxa5
Rxb3 35. Rc6 Qe5 36. Qa4 Rd3 37. d6 Rf7 38. h3 Kh7 39. Kh1 Rd7 40. Rb6 R7xd6 41.
Rxd6 Qxd6 42. Rf1 Qd5 43. Kh2 Rd2 0-1

[Event "24th ch-EUR Indiv 2024"]
[Site "Petrovac MNE"]
[Date "2024.11.11"]
[Round "4.19"]
[White "Subelj, Jan"]
[Black "Hakobyan, Aram"]
[Result "0-1"]
[WhiteTitle "GM"]
[BlackTitle "GM"]
[WhiteElo "2535"]
[BlackElo "2623"]
[WhiteFideId "14618583"]
[BlackFideId "13306677"]
[EventDate "2024.11.08"]

1. e4 c5 2. Nf3 d6 3. Bb5+ Bd7 4. Bxd7+ Nxd7 5. c4 g6 6. Nc3 Bg7 7. O-O Ngf6 8.
d4 cxd4 9. Nxd4 Qa5 10. Bd2 Qc5 11. Be3 Qxc4 12. Rc1 Qa6 13. Ncb5 O-O 14. Nc7
Qxa2 15. Nxa8 Rxa8 16. Qc2 Qa5 17. Qc7 Qb4 18. b3 Nc5 19. Qxe7 Nfxe4 20. Nc2
Qxb3 21. Bxc5 Nxc5 22. Qxd6 Ne4 23. Qd7 Nc3 24. Kh1 a5 25. Nd4 Qb4 26. Nc2 Qb2
27. Ne3 a4 28. Nc4 Qb3 29. Na5 Qb5 30. Qxb5 Nxb5 31. Nxb7 a3 32. Nc5 a2 33. Nb3
Bb2 34. Rc2 Nd4 35. Rxb2 Nxb3 36. Rxb3 a1=Q 0-1

[Event "24th ch-EUR Indiv 2024"]
[Site "Petrovac MNE"]
[Date "2024.11.11"]
[Round "4.20"]
[White "Indjic, Aleksandar"]
[Black "Kacharava, Nikolozi"]
[Result "1-0"]
[WhiteTitle "GM"]
[BlackTitle "GM"]
[WhiteElo "2623"]
[BlackElo "2525"]
[WhiteFideId "911925"]
[BlackFideId "13611860"]
[EventDate "2024.11.08"]

1. Nf3 Nf6 2. c4 c5 3. Nc3 Nc6 4. d4 cxd4 5. Nxd4 e6 6. Bf4 d5 7. cxd5 Nxd5 8.
Nxc6 bxc6 9. Bd2 Rb8 10. e4 Nxc3 11. Bxc3 Qb6 12. Qg4 Ba6 13. O-O-O Bxf1 14.
Rhxf1 Qb5 15. Qg3 f6 16. Rd3 Rb7 17. Rfd1 Kf7 18. Rd7+ Be7 19. a4 Qa6 20. Qd3
Qxd3 21. R1xd3 Rhb8 22. Kc2 Ke8 23. Rxb7 Rxb7 24. f4 Bb4 25. Rd4 Be7 26. Rd3 Bb4
27. b3 Ke7 28. e5 f5 29. Bxb4+ Rxb4 30. g3 g5 31. Kc3 c5 32. fxg5 Re4 33. Rd6 a5
34. Ra6 Rxe5 35. Rxa5 Kd6 36. Ra7 Re3+ 37. Kc4 Re4+ 38. Kd3 Rg4 39. Rxh7 Rxg5
40. a5 Rg8 41. a6 Rb8 42. Rb7 Rd8 43. Ke2 Kc6 44. Rh7 Kd5 45. a7 Ke5 46. Rb7 Ra8
47. Kd3 Kf6 48. Kc4 e5 49. Kxc5 f4 50. gxf4 exf4 51. Kb6 f3 52. Rb8 1-0

[Event "24th ch-EUR Indiv 2024"]
[Site "Petrovac MNE"]
[Date "2024.11.11"]
[Round "4.22"]
[White "Petrov, Nikita"]
[Black "Kosakowski, Jakub"]
[Result "1-0"]
[WhiteTitle "GM"]
[BlackTitle "IM"]
[WhiteElo "2590"]
[BlackElo "2516"]
[WhiteFideId "4101286"]
[BlackFideId "1185080"]
[EventDate "2024.11.08"]

1. e4 c6 2. d4 d5 3. e5 Bf5 4. Nf3 e6 5. Be2 Ne7 6. c3 Ng6 7. O-O f6 8. exf6
Qxf6 9. Bg5 Qf7 10. Nh4 Bd6 11. Bh5 h6 12. Nxf5 Qxf5 13. Bh4 Kd7 14. Bg4 Qf4 15.
Bg3 Qf6 16. c4 h5 17. Bxh5 Na6 18. cxd5 cxd5 19. Nc3 Raf8 20. Qa4+ Ke7 21. Bxg6
Qxg6 22. Qb3 Nc7 23. Qxb7 1-0

[Event "24th ch-EUR Indiv 2024"]
[Site "Petrovac MNE"]
[Date "2024.11.11"]
[Round "4.23"]
[White "Maurizzi, Marc'Andria"]
[Black "Pasztor, Balazs"]
[Result "1-0"]
[WhiteTitle "GM"]
[BlackTitle "FM"]
[WhiteElo "2585"]
[BlackElo "2419"]
[WhiteFideId "36083534"]
[BlackFideId "774723"]
[EventDate "2024.11.08"]

1. e4 e5 2. Nf3 Nc6 3. Bb5 Nf6 4. d3 Bc5 5. Bxc6 dxc6 6. Nbd2 Be6 7. O-O Bd6 8.
Nb3 b6 9. Bg5 Qd7 10. Bh4 c5 11. Bg3 Bg4 12. h3 Bh5 13. Nbd2 Qe7 14. Qe1 Bxf3
15. Nxf3 Nh5 16. Bh2 g6 17. Qc3 f6 18. b4 cxb4 19. Qc6+ Kf7 20. d4 Rae8 21. Rad1
exd4 22. Rxd4 Bxh2+ 23. Kxh2 Rd8 24. Rc4 Rhe8 25. e5 f5 26. Qxc7 Ng7 27. Qc6 Ne6
28. Qb5 Rc8 29. Rd1 Rxc4 30. Qxc4 Kg7 31. Rd6 h6 32. h4 g5 33. Qd3 Qf7 34. Nd4
Nxd4 35. Qxd4 Re7 36. Kg1 Qxa2 37. e6+ Kg6 38. h5+ Kxh5 39. Qf6 Qxc2 40. Rd4
Qc1+ 41. Kh2 Qc5 42. f3 f4 43. Rd7 Qf2 44. Rd1 Qc5 45. Rh1 g4 46. Re1 gxf3 47.
Re5+ Qxe5 48. Qxe5+ Kg6 49. gxf3 b3 50. Qd6 Kf6 51. Qxf4+ Kxe6 52. Qe3+ Kf6 53.
Qxb3 Rg7 54. Qb2+ Kf7 55. Qa2+ Kf8 56. f4 b5 57. Qe6 1-0

[Event "24th ch-EUR Indiv 2024"]
[Site "Petrovac MNE"]
[Date "2024.11.11"]
[Round "4.24"]
[White "Lashkin, Jegor"]
[Black "Romanov, Evgeny"]
[Result "0-1"]
[WhiteTitle "IM"]
[BlackTitle "GM"]
[WhiteElo "2518"]
[BlackElo "2584"]
[WhiteFideId "13907808"]
[BlackFideId "4148843"]
[EventDate "2024.11.08"]

1. d4 d5 2. c4 dxc4 3. Nf3 Nf6 4. e3 e6 5. Bxc4 a6 6. O-O Be7 7. Qe2 b5 8. Bd3
Nbd7 9. a4 Bb7 10. axb5 axb5 11. Rxa8 Qxa8 12. Bxb5 O-O 13. Nc3 c6 14. Bc4 c5
15. dxc5 Nxc5 16. Rd1 Rc8 17. Bd2 Qb8 18. Nd4 Bd6 19. f4 e5 20. Nf5 Bf8 21. Rf1
Ne6 22. h3 Qc7 23. b3 exf4 24. exf4 Qc5+ 25. Ne3 Re8 26. Qf2 Bd6 27. b4 Qc8 28.
Bxe6 Qxe6 29. Re1 Qd7 30. Nc2 Rc8 31. Re2 Rc4 32. Re1 Qc6 33. Qf3 Qxf3 34. gxf3
h6 35. b5 Bxf3 36. Ne3 Rd4 37. Nf1 Rd3 38. Rb1 Bb7 39. Re1 Rxh3 40. Re2 Bc5+ 0-1

[Event "24th ch-EUR Indiv 2024"]
[Site "Petrovac MNE"]
[Date "2024.11.11"]
[Round "4.26"]
[White "Gumularz, Szymon"]
[Black "Koelle, Tobias"]
[Result "1/2-1/2"]
[WhiteTitle "GM"]
[BlackTitle "IM"]
[WhiteElo "2579"]
[BlackElo "2414"]
[WhiteFideId "1188062"]
[BlackFideId "16207378"]
[EventDate "2024.11.08"]

1. e4 c5 2. a4 e6 3. f4 Nf6 4. d3 d5 5. e5 Nfd7 6. Nf3 Be7 7. g3 O-O 8. Bg2 Nc6
9. O-O Rb8 10. c4 Nb4 11. Nc3 Nb6 12. b3 Na8 13. cxd5 exd5 14. Ba3 Nc7 15. d4 a5
16. dxc5 Bxc5+ 17. Kh1 b6 18. Bxb4 axb4 19. Nb5 Ba6 20. Nfd4 Qd7 21. Re1 Rfd8
22. Nxc7 Qxc7 23. Rc1 Bb7 24. h4 Qe7 25. Kh2 Rbc8 26. Bh3 Bxd4 27. Bxc8 Bxc8 28.
Qxd4 Qe6 29. Kg1 Qh3 30. Re2 Bf5 31. Qxb6 Re8 32. Qe3 h5 33. Rh2 Qg4 34. Kf2 Rd8
35. e6 Bxe6 36. Qb6 Re8 37. Qe3 1/2-1/2

[Event "24th ch-EUR Indiv 2024"]
[Site "Petrovac MNE"]
[Date "2024.11.11"]
[Round "4.27"]
[White "Dudin, Gleb"]
[Black "Motylev, Alexander"]
[Result "1/2-1/2"]
[WhiteTitle "GM"]
[BlackTitle "GM"]
[WhiteElo "2510"]
[BlackElo "2577"]
[WhiteFideId "34184934"]
[BlackFideId "4121830"]
[EventDate "2024.11.08"]

1. d4 d5 2. c4 c6 3. Nf3 Nf6 4. e3 Bf5 5. Nc3 e6 6. Nh4 Bg6 7. Qb3 Qc7 8. Nxg6
hxg6 9. Bd2 Be7 10. Rc1 Qb6 11. g3 Nbd7 12. Bg2 Qa6 13. Bf1 Qb6 14. Bg2 Qa6 15.
Bf1 1/2-1/2

[Event "24th ch-EUR Indiv 2024"]
[Site "Petrovac MNE"]
[Date "2024.11.11"]
[Round "4.28"]
[White "Tutisani, Noe"]
[Black "Muradli, Mahammad"]
[Result "0-1"]
[WhiteTitle "IM"]
[BlackTitle "GM"]
[WhiteElo "2411"]
[BlackElo "2575"]
[WhiteFideId "13602853"]
[BlackFideId "13409301"]
[EventDate "2024.11.08"]

1. e4 c5 2. c3 Nf6 3. e5 Nd5 4. Bc4 Nb6 5. Bb3 d6 6. exd6 Qxd6 7. Na3 Nc6 8. Nf3
a6 9. O-O e6 10. Qe2 Bd7 11. d4 cxd4 12. Rd1 Qc7 13. cxd4 Be7 14. Bg5 O-O 15.
Rac1 Qd8 16. Bf4 Rc8 17. Nc4 Nd5 18. Bg3 Na5 19. Nxa5 Qxa5 20. Ne5 Ba4 21. Qf3
Rxc1 22. Rxc1 Qd2 23. Rd1 Qb4 24. h4 Bxb3 25. axb3 Bf6 26. Nd7 Rd8 27. Nxf6+
Nxf6 28. Be5 Nd5 29. Qg4 Qf8 30. h5 h6 31. Rd3 Kh8 32. Rf3 Qg8 33. Qh4 Rc8 34.
Rg3 f6 35. Bf4 Qf7 36. Rg6 Ne7 37. Rg4 Rd8 38. Be3 Rd5 39. Qg3 Qxh5 40. f3 Qe8
41. Bf2 Nf5 42. Qc7 Qd7 43. Qc3 Rd6 44. Re4 Rc6 45. Qe1 Qc7 46. Qb4 Ne7 47. g3
Kg8 48. Kg2 Nd5 49. Qe1 Qc8 50. Re2 Kf7 51. Qd2 Rb6 52. Qd3 Qc6 53. Qc4 Qb5 54.
Qc2 Qxb3 55. Qc8 Qb5 56. Rc2 Rc6 57. Qd7+ Ne7 58. Rd2 Rc1 0-1